000 00426nam a2200181Ia 4500
001 16736
005 20260306170332.0
008 260306t2013||||xx |||||||||||||| ||und||
041 _aESP
082 _a349.73
_bM81
100 _aMolano, Eduardo
_eAUT
245 0 _aDerecho constitucional canónico
260 _c2013
300 _a395 páginas :
_c24 cm.
650 _aGEN
654 _aCDE
942 _cLIB
_dJUS
_fJUS
_2ddc
_n
999 _c16736
_d16736